000 00379nam a2200157Ia 4500
008 230312s9999||||xx |||||||||||||| ||und||
020 _a9788177588712
082 _a620.1
_bBUD-E
100 _aBudinski, Kenneth G.
245 0 _aEngineering Materials
260 _bPearson Prentice Hall
_aIndia
_c2006
300 _a869
546 _aEng.
650 _aEngineering
942 _cBK
999 _c6106
_d6106